Flagi - Statystyki

Ogólne statystyki
  • Ten quiz został rozwiązany 9 razy
  • Średni wynik to 68 z 196
Statystyki odpowiedzi
Obrazkowy Odpowiedź % Poprawnych
Australia
80%
Gruzja
80%
Katar
80%
Korea Południowa
80%
Kosowo
80%
Słowacja
80%
Stany Zjednoczone
80%
Zjednoczone Emiraty Arabskie
80%
Algieria
75%
Egipt
75%
Islandia
75%
Jamajka
75%
Albania
67%
Bahrajn
67%
Bośnia i Hercegowina
67%
Bułgaria
67%
Cypr
67%
Demokratyczna Republika Konga
67%
Francja
67%
Grecja
67%
Izrael
67%
Jemen
67%
Kazachstan
67%
Maroko
67%
Meksyk
67%
Niemcy
67%
Nikaragua
67%
Republika Południowej Afryki
67%
Słowenia
67%
Szwajcaria
67%
Turcja
67%
Watykan
67%
Węgry
67%
Wielka Brytania
67%
Włochy
67%
Austria
60%
Bangladesz
60%
Bhutan
60%
Chile
60%
Chorwacja
60%
Dania
60%
Finlandia
60%
Indie
60%
Indonezja
60%
Irak
60%
Iran
60%
Irlandia
60%
Japonia
60%
Kambodża
60%
Kanada
60%
Kenia
60%
Kuba
60%
Liban
60%
Malta
60%
Papua-Nowa Gwinea
60%
Portugalia
60%
Rumunia
60%
Tajlandia
60%
Tunezja
60%
Ukraina
60%
Afganistan
50%
Andora
50%
Angola
50%
Arabia Saudyjska
50%
Argentyna
50%
Armenia
50%
Belgia
50%
Białoruś
50%
Czechy
50%
Ekwador
50%
Estonia
50%
Filipiny
50%
Hiszpania
50%
Holandia
50%
Korea Północna
50%
Laos
50%
Lesotho
50%
Liechtenstein
50%
Łotwa
50%
Macedonia Północna
50%
Malezja
50%
Mołdawia
50%
Mongolia
50%
Nepal
50%
Norwegia
50%
Nowa Zelandia
50%
Pakistan
50%
Peru
50%
Rosja
50%
Salwador
50%
Serbia
50%
Sierra Leone
50%
Singapur
50%
Somalia
50%
Tanzania
50%
Urugwaj
50%
Wybrzeże Kości Słoniowej
50%
Azerbejdżan
40%
Brazylia
40%
Czad
40%
Czarnogóra
40%
Eswatini
40%
Fidżi
40%
Gabon
40%
Ghana
40%
Hong kong
40%
Kolumbia
40%
Malediwy
40%
Nigeria
40%
Polska
40%
San Marino
40%
Syria
40%
szkocja
40%
Szwecja
40%
Wietnam
40%
Wyspy Marshalla
40%
Belize
33%
Chiny
33%
guam
33%
Kuwejt
33%
Liberia
33%
Litwa
33%
Luksemburg
33%
Mali
33%
Oman
33%
Paragwaj
33%
Sri Lanka
33%
Timor Wschodni
33%
walia
33%
Wenezuela
33%
wyspy kokosowe
33%
Wyspy owcze
33%
Wyspy Świętego Tomasza i Książęca
33%
Bahamy
25%
Dominikana
25%
Etiopia
25%
Gwinea Równikowa
25%
Mikronezja
25%
Monako
25%
Mozambik
25%
Panama
25%
Saint Lucia
25%
Samoa
25%
Senegal
25%
Togo
25%
Trynidad i Tobago
25%
Turkmenistan
25%
Wyspy Salomona
25%
Barbados
20%
brytyjskie wyspy dziewicze
20%
Burkina Faso
20%
Dominika
20%
Gwatemala
20%
Haiti
20%
Honduras
20%
irlandia północna
20%
jersey
20%
Kamerun
20%
Kostaryka
20%
Libia
20%
Madagaskar
20%
Malawi
20%
Mauritius
20%
Mjanma
20%
Niger
20%
Palau
20%
portoryko
20%
Republika Zielonego Przylądka
20%
Saint Vincent i Grenadyny
20%
Seszele
20%
Sudan Południowy
20%
Tuvalu
20%
Uzbekistan
20%
Zambia
20%
Zimbabwe
20%
Antigua i Barbuda
17%
Benin
17%
Botswana
17%
Dżibuti
17%
Grenada
17%
Gujana
17%
Gwinea
17%
Gwinea Bissau
17%
Kirgistan
17%
Kiribati
17%
Kongo
17%
Namibia
17%
Nauru
17%
Republika Środkowoafrykańska
17%
Rwanda
17%
Saint Kitts i Nevis
17%
Sudan
17%
Tadżykistan
17%
Vanuatu
17%
wyspa man
17%
anguilla
0%
aruba
0%
Boliwia
0%
Brunei
0%
Brytyjskie Terytorium Oceanu Indyjskiego
0%
Burundi
0%
curacao
0%
Erytrea
0%
fakland
0%
Francuskie Terytoria Południowe i Antarktyczne
0%
Gambia
0%
Georgia Południowa i Sandwich Południowy
0%
grenlandia
0%
gujana francuska
0%
gwadelupa
0%
Holandia karaibska
0%
Jordania
0%
kajmany
0%
Komory
0%
majotta
0%
makau
0%
mariany połnocne
0%
Marynika
0%
Mauretania
0%
Montserrat
0%
Norfolk
0%
Nowa Kaledonia
0%
Polinezja Francuska
0%
Réunion
0%
sahara zachodnia
0%
Saint Barthélemy
0%
Saint Pierre i Miquelon
0%
Samoa Amerykańskie
0%
Sint Maarten
0%
Surinam
0%
Tajwan
0%
tokelau
0%
Tonga
0%
Turks i Caicos
0%
Uganda
0%
Wallis i Futuny
0%
Wyspy Alandzkie
0%
Wyspy Bożego Narodzenia
0%
wyspy cooka
0%
Wyspy Dziewicze Stanów Zjednoczonych
0%
Wyspy Pitcairn
0%
Wyspy Świętej Heleny
0%
Nie znaleziono quizów pasujących do podanych kryteriów
Rozkład punktacji
Procent ludzi z każdym wynikiem
Percentyl według liczby udzielonych odpowiedzi
Twoja historia wyników
Nie rozwiązałeś tego quizu